Logo CIB grande

Nutrición y alimentación de peces y crustáceos (Registro nro. 237778)

Detalles MARC
000 -LEADER
campo de control de longitud fija 00835nam a2200265Ia 4500
005 - FECHA Y HORA DE LA ÚLTIMA TRANSACCIÓN
campo de control 20250425162843.0
008 - DATOS DE LONGITUD FIJA--INFORMACIÓN GENERAL
campo de control de longitud fija 250425s9999 xx 000 0 und d
020 ## - NÚMERO INTERNACIONAL ESTÁNDAR DEL LIBRO
Número Internacional Estándar del Libro 8484761509
041 ## - CÓDIGO DE IDIOMA
Código de lengua del texto/banda sonora o título independiente spa
082 ## - NÚMERO DE LA CLASIFICACIÓN DECIMAL DEWEY
Número de clasificación 639.3
Iniciales del Autor GUI
010 ## - NÚMERO DE CONTROL DE LA BIBLIOTECA DEL CONGRESO
Número de control de LC 113760
100 ## - ENTRADA PRINCIPAL--NOMBRE DE PERSONA
Nombre de persona Guillaume, J.
245 #0 - MENCIÓN DEL TÍTULO
Título Nutrición y alimentación de peces y crustáceos
Mención de responsabilidad, etc. J. Giullaume, S. Kaushik, P. Bergot, R. Metailler
260 ## - PUBLICACIÓN, DISTRIBUCIÓN, ETC.
Lugar de publicación, distribución, etc. Madrid
Nombre del editor, distribuidor, etc. Mundi-Prensa
Fecha de publicación, distribución, etc. 2004
300 ## - DESCRIPCIÓN FÍSICA
Extensión 475 páginas
Otras características físicas ilustraciones
Dimensiones 23.5 cm.
504 ## - NOTA DE BIBLIOGRAFÍA, ETC.
Nota de bibliografía, etc. Nota Incluye referencias bibliográficas y glosario
650 ## - PUNTO DE ACCESO ADICIONAL DE MATERIA--TÉRMINO DE MATERIA
Término de materia o nombre geográfico como elemento de entrada Acuicultura - alimentación de peces y crustáceos
650 ## - PUNTO DE ACCESO ADICIONAL DE MATERIA--TÉRMINO DE MATERIA
Término de materia o nombre geográfico como elemento de entrada Crustáceos - Alimentación
650 ## - PUNTO DE ACCESO ADICIONAL DE MATERIA--TÉRMINO DE MATERIA
Término de materia o nombre geográfico como elemento de entrada Peces - alimentación
700 ## - ENTRADA AGREGADA--NOMBRE PERSONAL
Nombre de persona Bergot, P.
700 ## - ENTRADA AGREGADA--NOMBRE PERSONAL
Nombre de persona Kaushik, S.
700 ## - ENTRADA AGREGADA--NOMBRE PERSONAL
Nombre de persona Métailler, R.
902 ## - ELEMENTOS DE DATOS B LOCAL, LDB (RLIN)
a Monográfico
c Impreso
942 ## - ELEMENTOS DE ENTRADA SECUNDARIOS (KOHA)
Tipo de ítem Koha Libros
Existencias
Estatus retirado Estado de pérdida Estado de daño No para préstamo Biblioteca de origen Biblioteca actual Fecha de adquisición Coste, precio normal de compra Etiqueta RFID Total de préstamos Código de barras Copia número Tipo de ítem Koha Nota pública
        CENTRO DE INFORMACIÓN BIBLIOTECARIA CENTRO DE INFORMACIÓN BIBLIOTECARIA 16/09/2023 70.00 0000000000000000036756   81015 1 Libros Compra / Pablo Núñez

Copyright 2025 ESPOL. Todos los derechos reservados.